Top 10 Longest Bones in Human Body - Statistics

General Stats
  • This quiz has been taken 133 times
  • The average score is 6 of 10
Answer Stats
Avg. Inches Bone % Correct
1 19.9 Femur
99%
2 16.9 Tibia
93%
5 11.1 Ulna
90%
3 15.9 Fibula
88%
6 10.4 Radius
86%
4 14.4 Humerus
78%
10 6.7 Sternum
63%
9 7.3 Innominate bone
16%
7 9.5 7th rib
6%
8 9.1 8th rib
6%
No matching quizzes found
Score Distribution
Percent of People with Each Score
Percentile by Number Answered
Your Score History
You have not taken this quiz